Introduction to Solid State Physics (Record no. 3887)

MARC details
000 -LEADER
fixed length control field 00336nam a2200133Ia 4500
008 - FIXED-LENGTH DATA ELEMENTS--GENERAL INFORMATION
fixed length control field 191201s2008 xx 000 0 und d
082 ## - DEWEY DECIMAL CLASSIFICATION NUMBER
Classification number 530
Item number KII
100 ## - MAIN ENTRY--PERSONAL NAME
Personal name KITTEL, Charles
245 #0 - TITLE STATEMENT
Title Introduction to Solid State Physics
260 ## - PUBLICATION, DISTRIBUTION, ETC. (IMPRINT)
Place of publication, distribution, etc N.Delhi
Name of publisher, distributor, etc Wiley Dreautech India
Date of publication, distribution, etc 2008
300 ## - PHYSICAL DESCRIPTION
Extent 673
650 ## - SUBJECT ADDED ENTRY--TOPICAL TERM
Topical term or geographic name as entry element Applied
942 ## - ADDED ENTRY ELEMENTS (KOHA)
Source of classification or shelving scheme Dewey Decimal Classification
Koha item type Text Books
Holdings
Withdrawn status Lost status Source of classification or shelving scheme Damaged status Not for loan Collection code Home library Current library Date acquired Source of acquisition Cost, normal purchase price Bill Number Total Checkouts Full call number Acc. no. / Barcode Date last seen Bill Date Koha item type Date last borrowed
    Dewey Decimal Classification     Applied Sc. PIET C-LIBRARY PIET C-LIBRARY 26/02/2009 J B C, New Delhi 399.00 SI-5834   530 KII 11864 04/12/2019 16/02/2009 Reference Books  
    Dewey Decimal Classification     Applied Sc. PIET C-LIBRARY PIET C-LIBRARY 26/02/2009 J B C, New Delhi 399.00 SI-5834 1 530 KII 11865 13/03/2023 16/02/2009 Text Books 21/02/2023
    Dewey Decimal Classification     Applied Sc. PIET C-LIBRARY PIET C-LIBRARY 26/02/2009 J B C, New Delhi 399.00 SI-5834 2 530 KII 11866 10/03/2023 16/02/2009 Text Books 21/02/2023

Design & Developed by: PIET Central Library
R70 Miles Stone Pattikalyana Samalkha Panipat 132102
mail ID :- [email protected], Phone No:- 0180-2569700 Ex.216